On [Greek letter Lambda]-nuclearity

Saved in:
Bibliographic Details
Main Author: Dubinsky, Ed
Other Authors: Ramanujan, M. S. 1931-
Format: Book
Language:English
Published: [Providence, R.I. : American Mathematical Society, 1972]
Series:Memoirs of the American Mathematical Society ; ; 128
Subjects:
Tags: Add Tag
No Tags, Be the first to tag this record!

MARC

LEADER 00000cam a2200000 i 4500
001 1/47714
008 941103s1972 eng d
020 |a 0821818287 
035 |l 10043136 
035 |a 1993 
040 |a GR-MY-UA  |b gre  |e aacr 
041 0 |a eng 
082 0 |a 515.73 
100 1 |a Dubinsky, Ed. 
245 1 0 |a On [Greek letter Lambda]-nuclearity /  |c Ed Dubinsky and M. S. Ramanujan 
260 |a [Providence, R.I. :   |b American Mathematical Society,   |c 1972] 
300 |a 101 p;  |c 26 cm 
490 1 |a Memoirs of the American Mathematical Society  |v ; no. 128 
650 0 0 |a Locally convex spaces. 
650 0 0 |a Linear operators. 
650 0 0 |a Sequence spaces. 
700 1 |a Ramanujan, M. S.  |d 1931- 
830 0 |a Memoirs of the American Mathematical Society ;  |v ; 128 
852 |a INST  |b SAMOS  |e 19941103  |h 515.73 DUB  |p 005300002429  |q 005300002429  |t BK  |y 0 
909 |a Σ  |b 030963